| 000 | 02346cam a2200397 i 4500 | ||
|---|---|---|---|
| 999 |
_c902 _d902 |
||
| 001 | 19776835 | ||
| 003 | GZU | ||
| 005 | 20210420132916.0 | ||
| 008 | 170710s2017 sa acf b 001 0aeng d | ||
| 010 | _a 2015334913 | ||
| 020 | _a9780994712806 | ||
| 020 | _a0994712804 | ||
| 035 | _a(OCoLC)ocn992990071 | ||
| 040 |
_aZ7E _beng _cZ7E _erda _dDLC |
||
| 042 |
_alccopycat _alcode |
||
| 043 | _af-rh--- | ||
| 050 | 0 | 0 |
_aDT2999 _bMUT 2017 |
| 100 | 1 | _aMutambara, Arthur G. O. | |
| 245 | 1 | 0 |
_aIn search of the elusive Zimbabwean dream : _ban autobiography of thought leadership / _cProfessor Arthur G.O. Mutambara. |
| 264 | 1 |
_aAuckland Park, South Africa : _bStaging Post, _c2017. |
|
| 300 |
_axviii, 249 pages, 64 unnumbered pages of plates : _billustrations (chiefly color), portraits ; _c24 cm |
||
| 336 |
_atext _2rdacontent |
||
| 337 |
_aunmediated _2rdamedia |
||
| 338 |
_avolume _bnc _2rdacarrier |
||
| 504 | _aIncludes bibliographical references (pages 244-245) and index. | ||
| 505 | 1 | _av. 1. The formative years and the big wide world : (1983-2002) | |
| 520 | 2 | _aThis volume deals with his formative years and early professional life. This period constitutes the making of a leader of global stature. His profound odyssey of thought leadership started at the age of 16, and moved through the University of Zimbabwe (UZ), where he graduated with a BSc (Hons) in Electrical Engineering. A statement he wrote as a student leader led to the unprecedented closure of UZ. He was injured and detained. His journey of ideas then proceeded to the University of Oxford, where he obtained an MSc in Computer Engineering and a PhD in Robotics and Mechatronics. The next stop was the United States, where he was a Research Scientist at NASA, Professor at MIT and Management Consultant at McKinsey. The book ends with his return to the continent in 2002, equipped with Pan-African, business- and technology-driven developmental strategies and paradigms. | |
| 600 | 1 | 0 | _aMutambara, Arthur G. O. |
| 650 | 0 |
_aPrime ministers _zZimbabwe _vBiography. |
|
| 650 | 0 |
_aPrime ministers _zZimbabwe. |
|
| 650 | 0 |
_aPrime ministers _vBiography. |
|
| 651 | 0 |
_aZimbabwe _xPolitics and government _y1980- |
|
| 906 |
_a7 _bcbc _ccopycat _d2 _encip _f20 _gy-gencatlg |
||
| 942 |
_2lcc _cBK _h2999 _iMUT _kDT |
||